Pays organisateurs du Championnat du monde de volley-ball - Statistiques

Statistiques générales
  • Ce quiz a été pris 101 fois
  • Le résultat moyen est 15 sur 19
Statistiques - réponses
Année Pays organisateur % Correct
1956 France
97%
1986 France
97%
1960 Brésil
95%
1990 Brésil
95%
2018 Italie / Bulgarie
94%
1978 Italie
93%
2010 Italie
93%
1952 Union soviétique
93%
1962 Union soviétique
93%
1998 Japon
88%
2006 Japon
88%
1982 Argentine
84%
2002 Argentine
84%
2014 Pologne
78%
1974 Mexique
61%
1970 Bulgarie
52%
1949 Tchécoslovaquie
52%
1966 Tchécoslovaquie
52%
1994 Grèce
50%
Aucun quiz correspondant
Distribution des résultats
% des personnes avec chaque résultat
Percentile par nombre de réponses
Votre historique - résultats
Vous n’avez pas pris ce quiz